Internal combustion engines and air pollution (Record no. 4453)

000 -LEADER
fixed length control field 00551nam a22001937a 4500
001 - CONTROL NUMBER
control field 4453
003 - CONTROL NUMBER IDENTIFIER
control field BD-DhUET
008 - FIXED-LENGTH DATA ELEMENTS--GENERAL INFORMATION
fixed length control field 141116b xxu||||| |||| 00| 0 eng d
020 ## - INTERNATIONAL STANDARD BOOK NUMBER
International Standard Book Number 0352045600
040 ## - CATALOGING SOURCE
Transcribing agency 0
Modifying agency BD-DhUET
082 ## - DEWEY DECIMAL CLASSIFICATION NUMBER
Classification number 621.43
Item number OBE/1973
100 ## - MAIN ENTRY--PERSONAL NAME
Personal name Obert, Edward F.
245 ## - TITLE STATEMENT
Title Internal combustion engines and air pollution
Remainder of title based on internal combustion engines
250 ## - EDITION STATEMENT
Edition statement 3rd ed.
260 ## - PUBLICATION, DISTRIBUTION, ETC. (IMPRINT)
Place of publication, distribution, etc. New York
Name of publisher, distributor, etc. Intext Educational Publishers
Date of publication, distribution, etc. 1973
300 ## - PHYSICAL DESCRIPTION
Extent xiii, 740 p.
Other physical details ill.
650 #0 - SUBJECT ADDED ENTRY--TOPICAL TERM
Topical term or geographic name as entry element Internal combustion engines
942 ## - ADDED ENTRY ELEMENTS (KOHA)
Koha item type General Book
Holdings
Koha full call number Location (home branch) Source of classification or shelving scheme Koha normalized classification for sorting Withdrawn status Damaged status Koha item type Not for loan Sublocation or collection (holding branch) Koha issues (times borrowed) Date acquired Piece designation (barcode) Lost status Koha date last borrowed Koha date last seen Shelving location Price effective from Copy number
621.43/OBE/1973Central Library, BUET 621_000000000000000_43OBE1973  General Book Central Library, BUET12014-11-1642113 2014-11-162015-10-12Circulation section2014-11-16 
621.43/OBE/1973Central Library, BUET 621_430000000000000_OBE_1973  General Book Central Library, BUET32015-04-1342111 2018-02-032018-02-17Circulation section2015-04-132
621.43/OBE/1973Central Library, BUET 621_430000000000000_OBE_1973  Reading Item Central Library, BUET 2015-06-1642105  2015-06-16Reading section2015-06-163
621.43/OBE/1973Central Library, BUET 621_430000000000000_OBE_1973  Reading Item Central Library, BUET 2015-06-3048959  2015-06-30Reading section2015-06-304
621.43/OBE/1973Central Library, BUET 621_430000000000000_OBE_1973  Reading Item Central Library, BUET 2015-07-0242108  2015-07-02Reading section2015-07-025
621.43/OBE/1973Central Library, BUET 621_430000000000000_OBE_1973  Reading Item Central Library, BUET 2015-07-0448939  2015-07-04Reading section2015-07-046